000 01132cam a2200205 4500
001 ABS63340
008 000000n2000 000 0 eng u
035 _a(Sirsi) u110305
100 _aWaters, B
245 _aPlanning changes up a gear
260 _c2000
490 _aArchitects' Journal
_v212(22) 21 December 2000, 52(1)
520 _aExamines the new procedures which are set to accelerate the appeals process and which could set up an alternative way of obtaining planning decisions. These procedures came into force in August 2000. The improved performance by the Planning Inspectorate is already beating government targets and has implications for the decision as to when and whether to appeal in the first place. The article looks at the main changes and considers that now the planning inspectorate may be viewed as a legitimate and practical alternative jurisdiction for planning decisions. References.
590 _aABS
650 _aPLANNING INSPECTORATE
650 _aAPPEAL PROCEDURE
650 _aPLANNING DECISIONS
690 _aENVIRONMENTAL AND LAND CONSULTANCY-PLANNING AND DEVELOPMENT
942 _n0
999 _c65780
_d65780